000 00301nam a2200133 a 4500
008 141008s2012|||| d
100 1 _aChapman, Gary
245 1 0 _a5 jazykov lásky
260 _bPorta Libri
_aBratislava
_c2012
020 _c8,50
041 _aslo
044 _axo
_cSK
958 _aAPR
999 _c20467
_d20467